Totálne riadenie kvality
Salvato in:
| Autore principale: | |
|---|---|
| Altri autori: | |
| Natura: | Libro |
| Lingua: | slovacco inglese |
| Pubblicazione: |
Bratislava
Open Windows
1997
|
| Edizione: | 1. vyd. |
| Serie: | Úspešný manažér
|
| Soggetti: | |
| Accesso online: | Visualizza in OPAC |
| Tags: |
Nessun Tag, puoi essere il primo ad aggiungerne!!
|
MARC
| LEADER | 00000nam a2200000 a 4500 | ||
|---|---|---|---|
| 005 | 20260127134026.0 | ||
| 008 | 060510s1997 xo slo d | ||
| 020 | |a 8085741172 (brož.) |c 115.00 | ||
| 035 | |a vtls008738695 | ||
| 035 | |a POKPOH33853 | ||
| 039 | 9 | |a 201211211153 |b masnk01 |c 200810091047 |d mschk03 |y 200605291451 |z VLOAD | |
| 040 | |a POKPOH |b slo |c POKPOH |d STUSCHK1 | ||
| 041 | 1 | |a slo |h eng | |
| 080 | |a 65.01 | ||
| 080 | |a 331.021.5 | ||
| 100 | 1 | |a MacDonald, John, |d 1929- |9 1205 | |
| 245 | 1 | |a Totálne riadenie kvality |c John Macdonald ; [z anglického originálu prel. Ondrej Ďurej] | |
| 250 | |a 1. vyd. | ||
| 260 | |a Bratislava |b Open Windows |c 1997 | ||
| 300 | |a 98 s. brož. | ||
| 490 | 1 | |a Úspešný manažér | |
| 650 | 0 | 7 | |a TQM (Total Quality Management) |2 POKPOH |
| 650 | 0 | 7 | |a manažment |2 POKPOH |
| 650 | 0 | 7 | |a kvalita |2 POKPOH |
| 650 | 0 | 7 | |a riadiaca práca |2 POKPOH |
| 655 | 7 | |a príručky |2 POKPOH | |
| 700 | 1 | |a Ďurej, Ondrej |c Ing. |4 trl | |
| 830 | 0 | |a Úspešný manažér | |
| 910 | |a pokpoh | ||
| 910 | |a SCHK95 | ||
| 919 | |a 80-85741-17-2 | ||
| 999 | |c 2328 |d 2328 | ||
| 942 | 0 | 0 | |0 1 |